| 000 | 01235nam a2200313Ia 4500 | ||
|---|---|---|---|
| 001 | ebr10278594 | ||
| 003 | CaPaEBR | ||
| 006 | m u | ||
| 007 | cr cn||||||||| | ||
| 008 | 071209s2009 njuabf sb 001 0 eng d | ||
| 010 | _z 2007050337 | ||
| 020 | _z9780470140192 | ||
| 020 | _z0470140194 | ||
| 040 |
_aCaPaEBR _cCaPaEBR |
||
| 035 | _a(OCoLC)646799824 | ||
| 050 | 1 | 4 |
_aRB155 _b.B674 2009eb |
| 100 | 1 |
_aBrown, Stuart M., _d1962- |
|
| 245 | 1 | 0 |
_aEssentials of medical genomics _h[electronic resource] / _cStuart M. Brown ; with contributions by John G. Hay and Harry Ostrer. |
| 250 | _a2nd ed. | ||
| 260 |
_aHoboken, N.J. : _bWiley-Blackwell, _cc2009. |
||
| 300 |
_axii, 439 p., [12] p. of plates : _bill. (some col.), col. map. |
||
| 504 | _aIncludes bibliographical references and index. | ||
| 533 |
_aElectronic reproduction. _bPalo Alto, Calif. : _cebrary, _d2009. _nAvailable via World Wide Web. _nAccess may be limited to ebrary affiliated libraries. |
||
| 650 | 0 | _aMedical genetics. | |
| 650 | 0 | _aGenomics. | |
| 655 | 7 |
_aElectronic books. _2local |
|
| 710 | 2 | _aebrary, Inc. | |
| 856 | 4 | 0 |
_uhttp://site.ebrary.com/lib/rucke/Doc?id=10278594 _zAn electronic book accessible through the World Wide Web; click to view |
| 999 |
_c5042 _d5042 |
||